000 00748nam a22002537a 4500
001 125103
003 UA-OsUOA
005 20210516140115.0
007 ta
008 20170906b un ||||| |||| 00| 0 ukr d
020 _a9665130765
040 _aUA-OsUOA
_bukr
_cUA-OsUOA
_dUA-OsUOA
041 _aukr
080 _a82.09(477)
090 _a82.09(477)
_bП77
100 _aПріцак О.
245 _aКоли і ким було написано "Слово о полку Ігоревім"
260 _aК.
_bОбереги
_c2007
300 _a360 с.
650 7 _a82 Література. Літературознавство
_2UDC
942 _cBK
_2udc
955 _a1
999 _c412306
_d412306